Normal view
MARC view
Entry Término temático
001 - NÚMERO DE CONTROL
- campo de control: 32027
003 - IDENTIFICADOR DEL NÚMERO DE CONTROL
- campo de control: OSt
005 - FECHA Y HORA DE LA ÚLTIMA TRANSACCIÓN
- campo de control: 20200615033328.0
008 - DATOS DE LONGITUD FIJA
- campo de control de longitud fija: 200615|| aca||aabn | a|a d
040 ## - FUENTE DE LA CATALOGACIÓN
- Centro catalogador/agencia de origen: OSt
- Centro/agencia transcriptor: OSt
150 ## - ENCABEZAMIENTO--TÉRMINO DE MATERIA
- Término de materia o nombre geográfico como elemento de entrada: TURISMO
- Subdivisión geográfica: REPÚBLICA DOMINICANA
- Subdivisión general: ESTADÍSTICAS
670 ## - FUENTE DE DATOS ENCONTRADOS
- Cita de la fuente: Work cat.: (OSt)13775: República Dominicana. Secretaría de Estado de Turismo 32026, Turismo en cifras 1990-2002 = Tourism in figures 1990-2002 /, [2002?].
